Mountains of the pharaohs : (Record no. 60598)
[ view plain ]
| 000 -الفاتح | |
|---|---|
| حقل البيانات ثابتة الطول | 01680cam a2200241 a 4500 |
| 005 - وقت وتاريخ اخر تعامل مع التسجيلة | |
| رقم الضبط | 20240530110418.0 |
| 008 - عناصر البيانات ثابتة الطول - معلومات عامة | |
| حقل البيانات ثابتة الطول | 061018s2006 ua af f 001 0 eng d |
| 020 ## - الرقم الدولى المعيارى للكتب | |
| الرقم الدولى المعيارى للكتاب | 9789774248955 |
| 040 ## - مصدر الفهرسة | |
| وكالة الفهرسة الأصلية | EG-CaGPL |
| وكالة النسخ | EG-CaGPL |
| 082 04 - رقم تصنيف ديوى العشرى | |
| رقم الطبعة | 21 |
| رقم التصنيف | 932.03 |
| رقم المادة | CC/Z M |
| 100 0# - المدخل الرئيسى - إسم شخصى | |
| الإسم الشخصى | Zahi Hawass. |
| 245 10 - بيان العنوان | |
| العنوان | Mountains of the pharaohs : |
| بقية العنوان | the untold story of the pyramid builders / |
| بيان المسئوليه,etc | Zahi Hawass. |
| 250 ## - بيان الطبعة | |
| بيان الطبعة | 1st ed. |
| 260 ## - PUBLICATION, DISTRIBUTION, ETC. (IMPRINT) | |
| تاريخ النشر أو التوزيع | c2006. |
| 300 ## - الوصف المادى | |
| التعداد | 213 p. : |
| تفاصيل ماديه اخرى للوعاء | col. ill. ; |
| أبعاد الوعاء | 24 cm. |
| 504 ## - تبصرة ببليوجرافية | |
| تبصرة ببليوجرافية,الخ | Includes bibliographical references (p. [199]-205) and index. |
| 650 #0 - المدخل الاضافى بالموضوع-مصطلح موضوعى | |
| مصطلح موضوعي | Pyramids of Giza (Egypt) |
| 651 #0 - المدخل الاضافى بالموضوع - اسم جغرافى | |
| الاسم الجغرافي | Egypt |
| التقسيم الفرعي العام | History |
| التقسيم الفرعي الزمني | Old Kingdom, ca. 2686-ca. 2181 B.C. |
| 942 ## - عناصر المدخل الإضافي( كوها) | |
| مصدر التصنيف او مخطط الترفيف | Dewey Decimal Classification |
| Koha [default] item type | كتاب |
| 260 ## - PUBLICATION, DISTRIBUTION, ETC. (IMPRINT) | |
| -- | Cairo : |
| -- | The American University in Cairo Press, |
| 505 0# - تبصرة محتويات-الفهرس | |
| تبصرة المحتويات المصاغة | pt. 1: The dawn of the 4th Dynasty. The reign of Sneferu -- Sneferu at Meidum -- Dahshur : Sneferu and the cult of the sun -- The court of Sneferu -- The king is dead -- pt. 2: The reign of the sun god. The early reign of Khufu -- Revolution in year five -- Ruthless monarch or great scientist? -- Khufu's court -- The completion of the Great Pyramid and the death of Khufu -- pt. 3: The heirs of Khufu. Battles stir within the royal family : Djedefre at Abu Rawash -- The conspiracies of Khafre -- The pyramid complex of Khafre -- The court of Khafre -- The death of Khafre -- Menkaure ascends the throne -- pt. 4: The pyramid builders at Giza. The pyramid builders of Giza -- The lives of the pyramid builders -- pt. 5: The end of an era. Shepseskaf, the good son -- The rising of the sons of Re : the reign of Khentkawes and the dawn of the 5th Dynasty -- The abandonment of Giza. |
| حالة التراجع | حالة الفقد | مصدر التصنيف او خطة الترفيف | حالة تلف | ليس للاعارة | المكان المؤقت | الموقع الحالى | تاريخ الاكتساب | اجمالي اﻻعارات | رقم الطلب | الباركود | تاريخ اخر مشاهدة | تاريخ تفعيل السعر | نوع وعاء كوها |
|---|---|---|---|---|---|---|---|---|---|---|---|---|---|
| ddc | مكتبة القاهرة الكبرى | مكتبة القاهرة الكبرى | 03/09/2015 | 932.03 CC/Z M | 159696 | 03/09/2015 | 03/09/2015 | كتاب |

